RICS code of measuring practice (Record no. 79315)

MARC details
000 -LEADER
fixed length control field 00899cad a22001935a 4500
001 - CONTROL NUMBER
control field L140650
008 - FIXED-LENGTH DATA ELEMENTS--GENERAL INFORMATION
fixed length control field 071003e20070925xxk f 000 0 eng d
035 ## - SYSTEM CONTROL NUMBER
System control number (Sirsi) u140650
041 0# - LANGUAGE CODE
Language code of text/sound track or separate title eng
100 1# - MAIN ENTRY--PERSONAL NAME
Personal name Ash, Robert
245 00 - TITLE STATEMENT
Title RICS code of measuring practice
Remainder of title sixth edition
Medium [electronic resource]
260 ## - PUBLICATION, DISTRIBUTION, ETC.
Date of publication, distribution, etc. 2007
490 ## - SERIES STATEMENT
Series statement RICS Feature
Volume/sequential designation 25 September 2007
520 ## - SUMMARY, ETC.
Summary, etc. Provides an overview of the key differences between the sixth edition of the RICS "Code of measuring practice" (L139644) and the fifth edition. The changes cover: accuracy; usable definition; full height glazing; ramps, sloping areas and steps within usable areas; partition walls; corridors and circulation areas; heating/ventilation units; and net sales area (residential).
590 ## - LOCAL NOTE (RLIN)
Local note KA
650 24 - SUBJECT ADDED ENTRY--TOPICAL TERM
Topical term or geographic name entry element RICS CODE OF MEASURING PRACTICE
690 ## - LOCAL SUBJECT ADDED ENTRY--TOPICAL TERM (OCLC, RLIN)
Topical term or geographic name as entry element PROPERTY-PROPERTY APPRAISAL AND VALUATION
942 ## - ADDED ENTRY ELEMENTS (KOHA)
Suppress in OPAC 0
Holdings
Withdrawn status Lost status Source of classification or shelving scheme Damaged status Not for loan Home library Current library Shelving location Date acquired Total Checkouts Full call number Barcode Date last seen Copy number Price effective from Koha item type
    Dewey Decimal Classification     Virtual Virtual Online 03/10/2007   ONLINE PUBLICATION 140650-2001 06/08/2019 1 06/08/2019 Journal article